La Iglesia del nuevo milenio : (Record no. 27295)

MARC details
000 -LEADER
campo de control de longitud fija 00648ntaaa2200217 4500
003 - IDENTIFICADOR DE NÚMERO DE CONTROL
campo de control 01
005 - FECHA Y HORA DE LA ÚLTIMA TRANSACCIÓN
campo de control 20251027203200.0
008 - DATOS DE LONGITUD FIJA--INFORMACIÓN GENERAL
campo de control de longitud fija 0714s1973 ag 01
020 ## - NÚMERO INTERNACIONAL ESTÁNDAR DEL LIBRO
Número Internacional Estándar del Libro 9872244901
040 ## - FUENTE DE CATALOGACIÓN
Centro catalogador/agencia de origen AR-BaBN
Lengua de catalogación spa
Centro/agencia transcriptor AR-BaBN
Normas de descripción aacr
Centro/agencia modificador RIC
082 ## - NÚMERO DE LA CLASIFICACIÓN DECIMAL DEWEY
Número de clasificación 262 D36m
100 ## - ENTRADA PRINCIPAL--NOMBRE DE PERSONA
Nombre de persona Deiros, Pablo A.
245 ## - MENCIÓN DEL TÍTULO
Título La Iglesia del nuevo milenio :
Resto del título una eclesiología para el nuevo siglo /
Mención de responsabilidad, etc. Pablo A. Deiros
260 ## - PUBLICACIÓN, DISTRIBUCIÓN, ETC.
Lugar de publicación, distribución, etc. Buenos Aires :
Nombre del editor, distribuidor, etc. Certeza,
Fecha de publicación, distribución, etc. 2006
300 ## - DESCRIPCIÓN FÍSICA
Extensión 255 p. ;
Dimensiones 23 cm.
490 ## - MENCIÓN DE SERIE
Mención de serie Formación ministerial
500 ## - NOTA GENERAL
Nota general Contienen notas y referencias bibliográficas
500 ## - NOTA GENERAL
Nota general Bibliografía: p. 251-255
650 ## - PUNTO DE ACCESO ADICIONAL DE MATERIA--TÉRMINO DE MATERIA
Término de materia o nombre geográfico como elemento de entrada ECLESIOLOGIA
942 ## - ELEMENTOS DE ENTRADA SECUNDARIOS (KOHA)
Tipo de ítem Koha Colección General
Holdings
Estatus retirado Estado de pérdida Estado de daño No para préstamo Biblioteca de origen Biblioteca actual Fecha de adquisición Número de inventario Total de préstamos Signatura topográfica completa Código de barras Visto por última vez Precio de reemplazo Tipo de ítem Koha
        Biblioteca Pluis Biblioteca Pluis 27/10/2025 042757   262 D36m 042757 27/10/2025 27/10/2025 RESERVADO
        Biblioteca Pluis Biblioteca Pluis 27/10/2025 043788   262 D36m 043788 27/10/2025 27/10/2025 Colección General
        Biblioteca Pluis Biblioteca Pluis 27/10/2025 043789   262 D36m 043789 27/10/2025 27/10/2025 RESERVADO
        Biblioteca Pluis Biblioteca Pluis 27/10/2025 044020   262 D36m 044020 27/10/2025 27/10/2025 Colección General